01145nas a2200313 4500001001300000003000900013005001700022007000300039008003400042040005400076041000900130072000800139100001700147100001900164100002100183100002000204100001900224245013700243650001200380650001700392650003300409650001600442650003100458773011200489909004000601942001800641999001900659952015300678BR2015001558BR-BrBNA20231205125123.0ta230509b bl.|||p| |||| 00| 00por d aBR-BrBNAbporcBiblioteca Nacional de Agricultura a(Pt) aH101 aVieira, D.L.1 aOttati, A.L.T.1 aLemos, R.N.S. de1 aLopes, G. da S.1 aAraujo, J.R.G.1 aFlutuação populacional e dependência espacial de Aleurocanthus woglumi AsHby, 1915 (Hemiptera: Aleyrodidae)em Citrus latifolia aLARANJA aCITRICULTURA aANÁLISE DE RISCO DE PRAGAS aMOSCA NEGRA aFLUTUAÇÃO POPULACIONAL0 tRevista Brasileira de Fruticultura (Brazil)xISSN 0100-2945 g(Dec 2014), v. 36(4) p. 862-871wBR2015001558 a202311bLúciac55dLúcia Elande 2AGRISn0cANA c242749d242749 002AGRIS4071a41918b41918cPeriódicos Agrícolash(Dec 2014), v. 36(4) p. 862-871l0r2023-11-29t01yCRePortaria Interministerial nº 164/94